Marketing and the quality of the provided services

Saved in:
Bibliographic Details
Main Author: Karkalíková, Marta
Format: Book Chapter
Language:English
Tags: Add Tag
No Tags, Be the first to tag this record!

MARC

LEADER 00000naa$a2200000$$$4500
001 0136071
005 20240502072525.6
041 0 |a eng 
044 |a SK 
245 1 0 |a Marketing and the quality of the provided services  |c Marta Karkalíková 
100 1 |a Karkalíková, Marta